000 00201 a2200097 4500
001 12173
100 _aPrem Chand
245 _aShtranj Kay Khilari
260 _a
_bSang-e-Meel
_c
090 _c9381
_d9381
942 _aNUST-CAE
_cM
_c36246
999 _c247246
_d247246